[Event "Bad Griesbach Seniors op 13th"]
[Site "Bad Griesbach"]
[Date "2010.12.05"]
[Round "1"]
[White "Weinwurm, Wolfgang"]
[Black "Roesch, Alfred"]
[Result "1-0"]
[WhiteElo "2025"]
[BlackElo "1625"]
[PlyCount "53"]
[EventDate "2010.12.05"]
[EventType "swiss"]
[EventRounds "7"]
[EventCountry "GER"]
[SourceTitle "EXT 2015"]
[Source "ChessBase"]
[SourceDate "2014.11.20"]
[SourceVersion "1"]
[SourceVersionDate "2014.11.20"]
[SourceQuality "1"]

1. e4 d6 2. d4 Nf6 3. Nc3 g6 4. Be3 Bg7 5. Qd2 Nbd7 6. f3 0-0 7. Bh6 c5 8. Nge2 cxd4 9. Nxd4 Ne5 10. 0-0-0 a6 11. h4 b5 12. h5 e6 13. a3 Bd7 14. g4 Kh8 15. hxg6 fxg6 16. Bxg7+ Kxg7 17. Bh3 Rh8 18. g5 Nh5 19. Bxe6 Qe7 20. Nd5 Qd8 21. Bxd7 Qxd7 22. Nb6 Qf7 23. Nxa8 Rxa8 24. Rxh5 gxh5 25. Nf5+ Kh8 26. f4 Qa2 27. Qc3 1-0

[Event "Bad Griesbach Seniors op 11th"]
[Site "Bad Griesbach"]
[Date "2008.12.13"]
[Round "7"]
[White "Roesch, Alfred"]
[Black "Koenigl, Anton"]
[Result "1-0"]
[WhiteElo "1767"]
[BlackElo "1770"]
[PlyCount "107"]
[EventDate "2008.12.07"]
[EventType "swiss"]
[EventRounds "7"]
[EventCountry "GER"]
[SourceTitle "EXT 2015"]
[Source "ChessBase"]
[SourceDate "2014.11.20"]
[SourceVersion "1"]
[SourceVersionDate "2014.11.20"]
[SourceQuality "1"]

1. d4 Nf6 2. c4 g6 3. Nf3 Bg7 4. e3 d6 5. Be2 0-0 6. 0-0 Nbd7 7. Nc3 c6 8. Qc2 Qc7 9. b3 Re8 10. Bb2 e5 11. Rac1 exd4 12. Nxd4 Ne5 13. Ba3 a6 14. Nf3 Bf5 15. Qd2 Rad8 16. Rfd1 Bf8 17. Bb2 Bg7 18. Nd4 Bc8 19. Nf3 Neg4 20. Ba3 Bf8 21. h3 Ne5 22. Bb2 Bg7 23. Ba3 Nxf3+ 24. Bxf3 Bf8 25. Ne2 Bf5 26. Ng3 Ne4 27. Bxe4 Bxe4 28. Bb2 c5 29. Qc3 f6 30. Qxf6 Bg7 31. Qxg7+ Qxg7 32. Bxg7 Kxg7 33. Nxe4 Rxe4 34. Rd5 Kf7 35. Rcd1 Ke7 36. R1d3 Re6 37. f3 b6 38. Kf2 Rb8 39. e4 Rb7 40. Ke3 b5 41. Rc3 Ra7 42. Rc2 Rc7 43. cxb5 axb5 44. b4 Re5 45. Rxe5+ dxe5 46. Rxc5 Rxc5 47. bxc5 Kd7 48. f4 Ke6 49. g4 exf4+ 50. Kxf4 h6 51. g5 h5 52. h4 b4 53. Ke3 Ke5 54. Kd3 1-0

[Event "Bad Griesbach Seniors op 10th"]
[Site "Bad Griesbach"]
[Date "2007.12.05"]
[Round "4"]
[White "Roesch, Alfred"]
[Black "Alefs, Heinz"]
[Result "1-0"]
[WhiteElo "1710"]
[BlackElo "1678"]
[PlyCount "23"]
[EventDate "2007.12.02"]
[EventType "swiss"]
[EventRounds "7"]
[EventCountry "GER"]
[SourceTitle "EXT 2015"]
[Source "ChessBase"]
[SourceDate "2014.11.20"]
[SourceVersion "1"]
[SourceVersionDate "2014.11.20"]
[SourceQuality "1"]

1. e4 e6 2. d4 d5 3. Nd2 c5 4. dxc5 Bxc5 5. exd5 Qxd5 6. Ngf3 Nf6 7. Bd3 0-0 8. 0-0 e5 9. Ng5 h6 10. Nge4 Nbd7 11. Bc4 Qc6 12. b4 1-0

[Event "Berlin op 08"]
[Site "Berlin"]
[Date "2002.08.19"]
[Round "3"]
[White "Roesch, Alfred"]
[Black "Gruenwald, Eduard"]
[Result "0-1"]
[WhiteElo "1738"]
[BlackElo "1397"]
[PlyCount "86"]
[EventDate "2002.08.17"]
[EventType "swiss"]
[EventRounds "9"]
[EventCountry "GER"]
[SourceTitle "EXT 2007"]
[Source "ChessBase"]
[SourceDate "2006.11.23"]
[SourceVersion "1"]
[SourceVersionDate "2006.11.23"]
[SourceQuality "1"]

1. d4 d5 2. c4 e5 3. dxe5 d4 4. Nf3 Nc6 5. e3 Bb4+ 6. Bd2 dxe3 7. fxe3 Bg4 8. Be2 Nge7 9. Nc3 Ng6 10. 0-0 Ncxe5 11. Qa4+ Nc6 12. Rad1 0-0 13. a3 Bd6 14. Ne4 Be7 15. Nf2 Be6 16. Qc2 Qe8 17. Bc3 Rd8 18. b3 f6 19. Bb2 Bf7 20. Nd4 Bc5 21. Nxc6 Qxc6 22. Bc1 Rfe8 23. Bf3 Qb6 24. Qc3 Rxd1 25. Nxd1 Rd8 26. b4 Be7 27. c5 Qb5 28. Nb2 Bd5 29. Bd1 Qe8 30. Re1 Nh4 31. e4 Bc6 32. Bf4 Qg6 33. Qc2 Rd7 34. Bg3 Qh6 35. Qc4+ Kh8 36. Bb3 Rd8 37. b5 Bd7 38. Rd1 Qe3+ 39. Bf2 Qg5 40. Bxh4 Qxh4 41. c6 Be6 42. Qxe6 Rxd1+ 43. Nxd1 Qe1# 0-1